<?xml version="1.0" encoding="UTF-8"?>
<record
    xmlns:xsi="http://www.w3.org/2001/XMLSchema-instance"
    xsi:schemaLocation="http://www.loc.gov/MARC21/slim http://www.loc.gov/standards/marcxml/schema/MARC21slim.xsd"
    xmlns="http://www.loc.gov/MARC21/slim">

  <leader>03652nam a2200337 a 4500</leader>
  <controlfield tag="003">OSt</controlfield>
  <controlfield tag="005">20251003111611.0</controlfield>
  <controlfield tag="007">cr ||||||a|a|a</controlfield>
  <controlfield tag="008">250909s2025    mx a|||fom||| 001 0 spa d</controlfield>
  <datafield tag="040" ind1=" " ind2=" ">
    <subfield code="e">rda</subfield>
  </datafield>
  <datafield tag="100" ind1="1" ind2=" ">
    <subfield code="a">Jeronimo Enr&#xED;quez, Beatriz</subfield>
    <subfield code="9">191025</subfield>
  </datafield>
  <datafield tag="245" ind1="1" ind2="0">
    <subfield code="a">Estrategia de manejo y control de calidad en frambuesa (Rubus idaeus L.) para la exportaci&#xF3;n/</subfield>
    <subfield code="c">por Beatriz Jeronimo Enr&#xED;quez ; director de tesis Ma. de Jes&#xFA;s Ju&#xE1;rez Hern&#xE1;ndez ; secretario Edna Fabiola Valdes Hern&#xE1;ndez; vocal Rom&#xE1;n S&#xE1;nchez Carrillo; suplente Armando Espinosa Flores; suplente Humberto Villegas Rodr&#xED;guez</subfield>
  </datafield>
  <datafield tag="264" ind1=" " ind2="1">
    <subfield code="a">Chapingo, M&#xE9;xico :</subfield>
    <subfield code="b">El autor,</subfield>
    <subfield code="c">2025.</subfield>
  </datafield>
  <datafield tag="300" ind1=" " ind2=" ">
    <subfield code="a">1 recurso en l&#xED;nea (105 p&#xE1;ginas):</subfield>
    <subfield code="b">cuadros, figuras.</subfield>
  </datafield>
  <datafield tag="336" ind1=" " ind2=" ">
    <subfield code="2">rdacontent</subfield>
    <subfield code="a">texto</subfield>
    <subfield code="b">txt</subfield>
  </datafield>
  <datafield tag="337" ind1=" " ind2=" ">
    <subfield code="2">rdamedia</subfield>
    <subfield code="a">computadora</subfield>
    <subfield code="b">c</subfield>
  </datafield>
  <datafield tag="338" ind1=" " ind2=" ">
    <subfield code="2">rdacarrier</subfield>
    <subfield code="a">recurso en l&#xED;nea</subfield>
    <subfield code="b">cr</subfield>
  </datafield>
  <datafield tag="502" ind1=" " ind2=" ">
    <subfield code="b">IAEF</subfield>
    <subfield code="c">Fitotecnia</subfield>
    <subfield code="d">2025.</subfield>
    <subfield code="g">LIC</subfield>
  </datafield>
  <datafield tag="504" ind1=" " ind2=" ">
    <subfield code="a">Incluye referencias bibliogr&#xE1;ficas: p&#xE1;ginas 88-95.</subfield>
  </datafield>
  <datafield tag="520" ind1=" " ind2=" ">
    <subfield code="a">La producci&#xF3;n de frambuesa (Rubus idaeus L.) en M&#xE9;xico ha experimentado un notable crecimiento, posicionando al pa&#xED;s como el segundo mayor productor mundial. Actualmente, el 82.6 % de la producci&#xF3;n se realiza en macro t&#xFA;neles y el 16.9 % a cielo abierto (Gonzales et al., 2019). Los principales estados productores son Jalisco (91,984 t), Michoac&#xE1;n (23,384 t) y Baja California (14,179 t), los cuales en conjunto aportan el 99.5 % de la producci&#xF3;n nacional. El objetivo del estudio fue describir y analizar las pr&#xE1;cticas agr&#xED;colas empleadas: fertilizaci&#xF3;n, poda, riego, cosecha, monitoreo de plagas y enfermedades, control de calidad en la Agr&#xED;cola Cirios Baja SPR de RL ubicada en San Quint&#xED;n, Baja California y comparar los datos de campo con los est&#xE1;ndares de exportaci&#xF3;n para fortalecer el plan de manejo agr&#xED;cola. En el desarrollo del proyecto se utiliz&#xF3; una metodolog&#xED;a dividida en tres etapas: observaci&#xF3;n y asistencia, documentaci&#xF3;n fases del desarrollo de cultivo (desarrollo vegetativo, floraci&#xF3;n, cosecha y reposo) y an&#xE1;lisis comparativo. La evaluaci&#xF3;n permiti&#xF3; identificar &#xE1;reas con alto nivel de cumplimiento, as&#xED; como aspectos susceptibles de mejora dentro del Plan T&#xE9;cnico de Manejo. Se observ&#xF3; la necesidad de fortalecer los programas de capacitaci&#xF3;n en higiene y seguridad, establecer revisiones anuales del croquis e historial del predio y aplicar monitoreos peri&#xF3;dicos a los terrenos colindantes para mitigar riesgos de contaminaci&#xF3;n cruzada. Asimismo, se propuso optimizar el control de peligros f&#xED;sicos mediante registros fotogr&#xE1;ficos, digitalizar la trazabilidad del uso de agroqu&#xED;micos y sistematizar las inducciones del personal de cosecha. A partir de estos hallazgos, se formul&#xF3; un Plan T&#xE9;cnico de Manejo Reforzado con el prop&#xF3;sito de mejorar la eficiencia operativa, el cumplimiento normativo y la sostenibilidad del sistema productivo. Estas medidas tuvieron como objetivo optimizar el proceso productivo, minimizar p&#xE9;rdidas y garantizar el cumplimiento de los est&#xE1;ndares de exportaci&#xF3;n.</subfield>
  </datafield>
  <datafield tag="650" ind1=" " ind2="4">
    <subfield code="a">Frambuesa</subfield>
    <subfield code="x">Rendimiento</subfield>
    <subfield code="9">42892</subfield>
  </datafield>
  <datafield tag="650" ind1=" " ind2="4">
    <subfield code="a">Frambuesa</subfield>
    <subfield code="x">Mercadeo</subfield>
    <subfield code="9">42884</subfield>
  </datafield>
  <datafield tag="650" ind1=" " ind2="4">
    <subfield code="a">Frambuesa</subfield>
    <subfield code="x">Cultivo</subfield>
    <subfield code="9">130610</subfield>
  </datafield>
  <datafield tag="700" ind1="1" ind2=" ">
    <subfield code="a">Ju&#xE1;rez Hern&#xE1;ndez, Ma. de Jes&#xFA;s</subfield>
    <subfield code="9">62426</subfield>
    <subfield code="e">director.</subfield>
  </datafield>
  <datafield tag="700" ind1="1" ind2=" ">
    <subfield code="a">Valdez Hern&#xE1;ndez, Edna Fabiola</subfield>
    <subfield code="9">117278</subfield>
    <subfield code="e">secretario.</subfield>
  </datafield>
  <datafield tag="700" ind1="1" ind2=" ">
    <subfield code="a">S&#xE1;nchez Carrillo, Rom&#xE1;n</subfield>
    <subfield code="9">107405</subfield>
    <subfield code="e">vocal.</subfield>
  </datafield>
  <datafield tag="700" ind1="1" ind2=" ">
    <subfield code="a">Espinosa Flores, Amando</subfield>
    <subfield code="9">37925</subfield>
    <subfield code="e">suplente.</subfield>
  </datafield>
  <datafield tag="700" ind1="1" ind2=" ">
    <subfield code="a">Villegas Rodr&#xED;guez, Humberto</subfield>
    <subfield code="9">119771</subfield>
    <subfield code="e">suplente.</subfield>
  </datafield>
  <datafield tag="856" ind1=" " ind2=" ">
    <subfield code="z">DESCARGAR PDF</subfield>
    <subfield code="u">http://10.13.5.2/tesis/tl/1911169-4_JERONIMO_ENRIQUEZ_BEATRIZ.pdf</subfield>
  </datafield>
  <datafield tag="942" ind1=" " ind2=" ">
    <subfield code="2">Clasificaci&#xF3;n Universidad Aut&#xF3;noma Chapingo</subfield>
    <subfield code="c">TD</subfield>
  </datafield>
  <datafield tag="999" ind1=" " ind2=" ">
    <subfield code="c">220895</subfield>
    <subfield code="d">220895</subfield>
  </datafield>
  <datafield tag="952" ind1=" " ind2=" ">
    <subfield code="0">0</subfield>
    <subfield code="1">0</subfield>
    <subfield code="2">local</subfield>
    <subfield code="4">0</subfield>
    <subfield code="7">0</subfield>
    <subfield code="8">TesDigL</subfield>
    <subfield code="a">BD</subfield>
    <subfield code="b">BD</subfield>
    <subfield code="c">E_L</subfield>
    <subfield code="d">2025-09-09</subfield>
    <subfield code="l">0</subfield>
    <subfield code="o">Tesis digital</subfield>
    <subfield code="r">2025-09-09 10:32:27</subfield>
    <subfield code="w">2025-09-09</subfield>
    <subfield code="y">TD</subfield>
  </datafield>
</record>
